Trigonometría : (Registro nro. 66)
[ vista simple ]
| 000 -LEADER | |
|---|---|
| fixed length control field | 01387nam a2200253Ia 4500 |
| 003 - CONTROL NUMBER IDENTIFIER | |
| control field | PE SENCICO BE |
| 005 - DATE AND TIME OF LATEST TRANSACTION | |
| control field | 20260309172213.0 |
| 008 - FIXED-LENGTH DATA ELEMENTS--GENERAL INFORMATION | |
| fixed length control field | 200515s9999 xx 000 0 und d |
| 040 ## - CATALOGING SOURCE | |
| Original cataloging agency | PE SENCICO BE |
| Transcribing agency | PE SENCICO BE |
| 041 ## - LANGUAGE CODE | |
| Language code of text/sound track or separate title | spa |
| 082 ## - DEWEY DECIMAL CLASSIFICATION NUMBER | |
| Classification number | 516.24 |
| Item number | A45R |
| 100 1# - MAIN ENTRY--PERSONAL NAME | |
| Personal name | Alva Cabrera, Rubén |
| 9 (RLIN) | 2103 |
| Relator term | autor |
| 245 10 - TITLE STATEMENT | |
| Title | Trigonometría : |
| Remainder of title | teoría práctica / |
| Statement of responsibility, etc. | Rubén Alva Cabrera |
| 250 ## - EDITION STATEMENT | |
| Edition statement | [1a ed.] |
| 260 ## - PUBLICATION, DISTRIBUTION, ETC. | |
| Place of publication, distribution, etc. | Lima : |
| Name of publisher, distributor, etc. | San Marcos ; |
| Date of publication, distribution, etc. | sin año |
| 300 ## - PHYSICAL DESCRIPTION | |
| Extent | 1059 p. : |
| Other physical details | il., tbl., graf. ; |
| Dimensions | 22 cm. |
| 504 ## - BIBLIOGRAPHY, ETC. NOTE | |
| Bibliography, etc. note | Bibliografía: p. 1061 |
| 505 0# - FORMATTED CONTENTS NOTE | |
| Formatted contents note | Angulo trigonométrico -- Razones trigonométricos en el triángulo rectángulo -- Razones trigonométricas de ángulos en posición normal -- Funciones trigonométricas -- Identidades trigonométricas -- Reducción al primer cuadrante -- Identidades trigonométricas de la suma y diferencia de ángulos -- Identidades trigonométricas angulo doble - angulo mitad - angulo triple -- Identidades del producto, suma y diferencia de seno y coseno -- Funciones trigonométricas inversas -- Ecuaciones e inecuaciones trigonométricas -- Resolución de triángulos -- Conceptos básicos de geometría analítica -- Trigonometría esférica |
| 650 10 - SUBJECT ADDED ENTRY--TOPICAL TERM | |
| Topical term or geographic name entry element | Trigonometría |
| 9 (RLIN) | 2104 |
| 650 20 - SUBJECT ADDED ENTRY--TOPICAL TERM | |
| Topical term or geographic name entry element | Matemáticas |
| 9 (RLIN) | 2106 |
| 650 20 - SUBJECT ADDED ENTRY--TOPICAL TERM | |
| Topical term or geographic name entry element | Funciones trigonométricas |
| 9 (RLIN) | 2149 |
| 650 20 - SUBJECT ADDED ENTRY--TOPICAL TERM | |
| Topical term or geographic name entry element | Geometría analítica |
| 9 (RLIN) | 2105 |
| 942 ## - ADDED ENTRY ELEMENTS (KOHA) | |
| Koha item type | Libros |
| Source of classification or shelving scheme | Dewey Decimal Classification |
| Fecha de la última vez que lo usaron | Número de ingreso o de inventario | Pago total | Signatura topográfica completa | Código de barras | Precio efectivo desde | Tipo de documento | Estado perdido | Sistema de clasificación | Estado dañado | No es para préstamo | Retirado | Ubicación permanente | Ubicación actual | Fecha de adquisición |
|---|---|---|---|---|---|---|---|---|---|---|---|---|---|---|
| 15/05/2020 | 12523 | 516.24/A45R | BibLima24040097 | 15/05/2020 | Libros | Dewey Decimal Classification | Biblioteca Central Lima | Biblioteca Central Lima | 15/05/2020 | |||||
| 09/03/2026 | 516.24/A45R | BibZtruj26032628 | 09/03/2026 | Libros | Dewey Decimal Classification | Biblioteca Trujillo | Biblioteca Trujillo | 09/03/2026 | ||||||
| 09/03/2026 | 516.24/A45R/ej. 2 | BibZtruj26032629 | 09/03/2026 | Libros | Dewey Decimal Classification | Biblioteca Trujillo | Biblioteca Trujillo | 09/03/2026 |